The Hindu Minority & Guardianship Act, 1956 (no. 32 of 1956) / (Record no. 46690)
[ view plain ]
| 000 -LEADER | |
|---|---|
| fixed length control field | 00856nam a2200277 a 4500 |
| 001 - CONTROL NUMBER | |
| control field | 46690 |
| 003 - CONTROL NUMBER IDENTIFIER | |
| rucl marc code | BD-RjUL |
| 005 - DATE AND TIME OF LATEST TRANSACTION | |
| control field | 20211209054206.0 |
| 008 - FIXED-LENGTH DATA ELEMENTS--GENERAL INFORMATION | |
| fixed length control field | 016080s1961 ii l 001 0 eng |
| 035 ## - SYSTEM CONTROL NUMBER | |
| System control number | (BD-RjUL) 46809 |
| System control number | (MH)MHAOL10751HU |
| 040 ## - CATALOGING SOURCE | |
| Original cataloging agency | BD-RjUL |
| Transcribing agency | MH |
| Modifying agency | CStRLIN |
| -- | DLC |
| Language of cataloging | eng |
| 041 ## - LANGUAGE CODE | |
| Language code of text/sound track or separate title | eng |
| 082 ## - DEWEY DECIMAL CLASSIFICATION NUMBER | |
| Edition number | 23 |
| Author mark and year | MEH 1961 |
| Classification number | 294.594 |
| 100 ## - MAIN ENTRY--PERSONAL NAME | |
| Personal name | Menon C Unikanta |
| 9 (RLIN) | 142329 |
| 110 1# - MAIN ENTRY--CORPORATE NAME | |
| Corporate name or jurisdiction name as entry element | India. |
| 9 (RLIN) | 142340 |
| 245 14 - TITLE STATEMENT | |
| Title | The Hindu Minority & Guardianship Act, 1956 (no. 32 of 1956) / |
| Statement of responsibility, etc. | by L.S. Sastry. |
| 260 ## - PUBLICATION, DISTRIBUTION, ETC. (IMPRINT) | |
| Place of publication, distribution, etc. | Allahabad, India : |
| Name of publisher, distributor, etc. | R.N. Lal, |
| Date of publication, distribution, etc. | 1961. |
| 300 ## - PHYSICAL DESCRIPTION | |
| Pagination | xviii , 289 p. ; |
| Size | 24 cm. |
| 500 ## - GENERAL NOTE | |
| General note | Includes index. |
| 650 #0 - SUBJECT ADDED ENTRY--TOPICAL TERM | |
| Topical term or geographic name as entry element | Children (Hindu law) |
| 9 (RLIN) | 142331 |
| Topical term or geographic name as entry element | Guardian and ward |
| Geographic subdivision | India. |
| 9 (RLIN) | 142049 |
| 700 1# - ADDED ENTRY--PERSONAL NAME | |
| Personal name | Sastri, L. S. |
| Fuller form of name | (L. Subrahmanya) |
| 942 ## - ADDED ENTRY ELEMENTS (KOHA) | |
| Source of classification or shelving scheme | Dewey Decimal Classification |
| Koha item type | Books |
| Lost status | Source of classification or shelving scheme | Damaged status | Not for loan | Collection code | Permanent Location | Current Location | Shelving location | Date acquired | Source of acquisition | Cost, normal purchase price | Total Checkouts | Full call number | Date last seen | Copy number | Koha item type |
|---|---|---|---|---|---|---|---|---|---|---|---|---|---|---|---|
| Dewey Decimal Classification | Non-fiction | Central Library, University of Rajshahi | Central Library, University of Rajshahi | 01/06/1964 | PAK. LAW HOUSE | 10.00 | 294.594 MEH 1961 | 03/08/2016 | C-2 | Books |